000 00397nam a22001457a 4500
020 _a0201142295
082 _a005.1
_bSOM
245 _aSoftware Engineering
_cSommrville
250 _a2nd
260 _aWokingham
_bAddison Wesley Publishing Company
_c1982
300 _axi, 334 p. :
_bill.;
_c22 cm.
526 _a0
_b0
_c0
_d005_100000000000000_SOM
650 _aDonation
_936574
942 _2ddc
_cBK
999 _c541632
_d541632